Bienvenue à la Médiathèque de Saint-Andiol
banniere
Accueil Recherche avancée Mon compte
handi1 Rechercher dans le catalogue

Filtre   Mots-clés
  Recherche avancée
 
Lister les dernières nouveautés
 
Lister les livres GROS CARACTERES
 
Lister les périodiques (magazines)

handi1 Revue des livres pour enfants [ 346 ]

Book Cover
Titre : Revue des livres pour enfants [ 346 ]
Support : Livres
Langue : Francais
Publié : 2022 La Joie par les Livres
Genre : Revues et magazines
Collection :
Sujets :
Étiquettes :
Pas de tags
LEADER 00642nas0a2200217 450
001 16867953
011 |d 12,5 € 
100 |a 20260325d2022 u u0frey01 ba 
101 1 |a fre  |c fre 
102 |a FR 
110 0 |a azu 0uu0 
200 0 |a Revue des livres pour enfants [ 346 ]  |f Michel Diament 
207 1 |a  346 
210 |c La Joie par les Livres  |d 2022 
215 |a 1 vol. (180 p.)  |c Couv  |d 25 cm 
225 1 |v 340 
300 |a Revue professionnelle jeunesse 
676 |a 070.17 
900 |a Revues et magazines 
901 |a Professionnel 
995 |a Médiathèque  |c Médiathèque  |f 089021801  |h 089021801  |k 070.17 REV 346  |o p  |q a  |r az  |e Médiathèque